Ekonomičeskaja gazeta ježenedel'nik Central'nogo komiteta KPSS
Guardado en:
| Formato: | Seriadas |
|---|---|
| Lenguaje: | ruso |
| Publicado: |
Moskva
Pravda
|
| Etiquetas: |
Sin Etiquetas, Sea el primero en etiquetar este registro!
|
MARC
| LEADER | 00000nas1a22000001 4500 | ||
|---|---|---|---|
| 001 | s121045 | ||
| 005 | 20230804101131.0 | ||
| 041 | 0 | |a rus | |
| 044 | |a RU | ||
| 245 | 1 | 0 | |a Ekonomičeskaja gazeta |b ježenedel'nik Central'nogo komiteta KPSS |
| 264 | 1 | |a Moskva |b Pravda | |